| 000 | 00848cam a2200301 i 4500 | ||
|---|---|---|---|
| 999 |
_c200450041 _d68253 |
||
| 001 | 200450041 | ||
| 003 | TR-AnTOB | ||
| 005 | 20220921085711.0 | ||
| 007 | ta | ||
| 008 | 150699t20142003my ab 00000 eng ΒΈ | ||
| 020 | _a983224109X | ||
| 020 | _a9832241235 | ||
| 020 | _a9832241243 | ||
| 022 | _297898322412263 | ||
| 040 |
_aTR-AnTOB _beng _erda _cTR-AnTOB |
||
| 041 | 0 | _aeng | |
| 050 | 1 | 4 |
_aDS592.6 _b.G853 2014 |
| 090 |
_aDS592.6 _b.G853 2014 |
||
| 245 | 0 | 0 | _aThe guide to Malaysia. |
| 264 | 1 |
_aMalaysia: _bLeisure Guide Publishing, _c2014. |
|
| 300 |
_a431 pages : _billustrations, photographs, maps ; _c22 cm |
||
| 336 |
_2rdacontent _atext _btxt |
||
| 337 |
_2rdamedia _aunmediated _bn |
||
| 338 |
_2rdacarrier _avolume _bnc |
||
| 651 | 0 |
_aMalaysia _xDescription and travel _9138472 |
|
| 942 |
_2lcc _cBK |
||